000 01399nam a2200325 i 4500
003 EG-GICUC
005 20260212134751.0
008 260212s1984 ua ||||fr|||| 001 0 ara d
017 _a1982/3712
040 _a EG-GICUC
_bara
_c EG-GICUC
_d EG-GICUC
_erda
041 _aara
082 0 4 _a343.4
_bأ ن . ت
_221
092 0 4 _221
099 _aLaw1 10 343.4 أ ن . ت 1984 1006151
100 0 _aأنور طلبة.
_eمؤلف.
245 1 2 _aالتشريعات التموينية :
_bنصوص معدلة، شرح للتشريعات، أحكام القضاء، القيود والأوصاف القانونية لجرائم التموين : مع أحدث أحكام النقض /
_cالمستشار أنور طلبة.
264 1 _aالاسكندرية :
_bدار المطبوعات الجامعية،
_c1984.
300 _a643 صفحة ;
_c24 سم.
_bإيضاحيات، صور، مثيليات ؛
336 _2rda content
_atext
337 _2rda media
_aComputer
338 _2rda carrier
_aOnline Resource
504 _aيشتمل على ارجاعات ببليوجرافية.
546 _aالنص باللغة العربية
650 1 _aالقانون الجنائي
_2qrmak
650 1 _aالتشريعات الجنائية الخاصة.
_2qrmak
651 1 _2qrmak
856 4 0 _uhttps://fll.law.cu.edu.eg/fulltext/bks/B10-08439.pdf
905 _a43
942 _2ddc
_n0
_cBK
_e21
999 _c62802
_d62802